Истоки: вопросы истории народного хозяйства и экономической мысли: сборник; Вып. 1

Bibliographische Detailangaben
Weitere Verfasser: Жамин В. А. Виталий Алексеевич (редактор)
Sprache:Russisch
Veröffentlicht: Москва, Экономика, 1989
Schlagworte:
Format: MixedMaterials Buch
KOHA link:https://koha.lib.tpu.ru/cgi-bin/koha/opac-detail.pl?biblionumber=218192

MARC

LEADER 00000nam0a2200000 4500
001 218192
005 20231101230157.0
020 |a RU  |b 90-1613ж 
035 |a (RuTPU)RU\TPU\book\238204 
090 |a 218192 
100 |a 20120616a1989 km y0rusy5003 ca 
101 0 |a rus 
102 |a RU 
105 |a ac z 001zd 
200 1 |a Истоки: вопросы истории народного хозяйства и экономической мысли  |e сборник  |h Вып. 1  |f под ред. В. А. Жамина 
210 |a Москва  |c Экономика  |d 1989 
215 |a 383 с. 
320 |a Библиография в примечаниях. 
600 1 |a Дзержинский  |g Феликс Эдмундович  |f 1877-1926  |c российский политический и государственный деятель  |b Ф. Э.  |2 stltpush  |3 (RuTPU)RU\TPU\pers\388 
600 1 |a Бухарин  |b Н. И.  |c российский политический деятель  |c академик АН СССР  |f 1888-1938  |g Николай Иванович  |2 stltpush  |3 (RuTPU)RU\TPU\pers\7  |9 6 
600 1 |a Вернадский  |g Владимир Иванович  |b В. И.  |c российский учёный  |c естествоиспытатель, мыслитель и общественный деятель  |f 1863-1945  |2 stltpush  |3 (RuTPU)RU\TPU\pers\417 
600 1 |a Скворцов-Степанов  |b И. И.  |c российский политический деятель  |c публицист  |f 1870-1928  |g Иван Иванович  |2 stltpush  |3 (RuTPU)RU\TPU\pers\14139  |9 4607 
600 1 |a Базаров  |b В. А.  |c настоящая фамилия Руднев  |c русский философ  |c экономист  |c социал-демократ  |f 1874-1939  |g Владимир Александрович  |2 stltpush  |3 (RuTPU)RU\TPU\pers\29568  |9 14103 
610 1 |a экономическая история 
610 1 |a народное хозяйство 
610 1 |a экономическая мысль 
610 1 |a экономические реформы 
610 1 |a Крестьянская реформа 1861 
610 1 |a коллективизация 
610 1 |a ученые-экономисты 
610 1 |a персоналии 
686 |a У02(2)  |2 rubbk 
702 1 |a Жамин  |b В. А.  |g Виталий Алексеевич  |4 340 
801 0 |a RU  |b RuMRKP  |c 19950417  |g psbo 
801 1 |a RU  |b 63413507  |c 20120616 
801 2 |a RU  |b 63413507  |c 20171225  |g RCR 
942 |c BK